000 00412nam a2200133Ia 4500
008 220216s9999 xx 000 0 und d
100 _aHong Seong-Uk
245 0 _aPredicting ability of free-volume theory for solvent self-diffusion coefficients in rubbers
260 _bJournal of Applied Polymer Science
_c1996
300 _a833-841
650 _aRubber
650 _aSelf-diffusion coefficient
942 _cJS
999 _c65457
_d65457